000 00315nam a2200097Ia 4500
001 1111444
005 20250827003911.0
008 250824s9999 xx 000 0 und d
245 0 _aÇOCUKLARLA BAŞBAŞA
_cM.ES'AD COŞAN
260 _bSERVER İLETİŞİM DANIŞMANLIK TANITIM GAZETECİLİK VE YAYINCILIK SAN.TİC.A.Ş.
999 _c1111444
_d1111444